000 00568nam a22001817a 4500
005 20251108171750.0
008 250721s9999 xx 000 0 ara d
082 1 4 _aط/811.9564/ضمر
100 1 _aضمرة، محمد
_eمؤلف
245 1 0 _aالقدس أرض السماء :
_bأناشيد شعرية للفتيان /
264 1 _aرام الله :
_bدار الزاهرة،
_c[19-].
300 _a43ص.
650 1 7 _aالشعر العربي
650 1 7 _aفلسطين
653 _aناشاون صغار (10-14)سنه
942 _2ddc
_cBK
999 _c61981
_d61981